Hotel operations management (Record no. 2395)

MARC details
000 -LEADER
fixed length control field 00496nam a2200181Ia 4500
008 - FIXED-LENGTH DATA ELEMENTS--GENERAL INFORMATION
fixed length control field 230917s9999||||xx |||||||||||||| ||und||
020 ## - ISBN
Price RS 995.00
040 ## - CATALOGING SOURCE
-- 5006836
Original cataloging agency VIVEKANANDA LIBRARY
041 ## - Language
-- English
082 ## - DDC NUMBER
Classification number 647.94068 H326H(3)
100 ## - MAIN ENTRY--PERSONAL NAME
Personal name Hayes, David K
245 #0 - TITLE STATEMENT
Title Hotel operations management
250 ## - EDITION STATEMENT
Edition statement 3rd ed.
260 ## - PUBLICATION, DISTRIBUTION, ETC. (IMPRINT)
Place of publication, distribution, etc Noida
Name of publisher, distributor, etc Pearson India Education Services
Date of publication, distribution, etc 2020
300 ## - PHYSICAL DESCRIPTION
Pages xviii, 595 p.
500 ## - GENERAL NOTE
General note 4084 29/09/2021 HBD21/8863 11/10/2021 IHTM (SFS)
942 ## - ADDED ENTRY ELEMENTS (KOHA)
Koha item type Books
Holdings
Withdrawn status Lost status Damaged status Not for loan Location (home branch) Sublocation or collection (holding branch) Shelving location Date acquired Koha issues (times borrowed) Koha full call number Accession No. Koha date last seen Koha item type
        VIVEKANANDA LIBRARY VIVEKANANDA LIBRARY IHTM Library 15/12/2021   647.94068 H326H(3) 397690 17/09/2023 Books
        VIVEKANANDA LIBRARY VIVEKANANDA LIBRARY IHTM Library 15/12/2021   647.94068 H326H(3) 397691 17/09/2023 Books
        VIVEKANANDA LIBRARY VIVEKANANDA LIBRARY IHTM Library 15/12/2021   647.94068 H326H(3) 397692 17/09/2023 Books
        VIVEKANANDA LIBRARY VIVEKANANDA LIBRARY IHTM Library 15/12/2021   647.94068 H326H(3) 397693 17/09/2023 Books
        VIVEKANANDA LIBRARY VIVEKANANDA LIBRARY IHTM Library 15/12/2021   647.94068 H326H(3) 397694 17/09/2023 Books
© Designed and Maintained by Vivekananda Library, MDU Rohtak